Algebra lineal
Đã lưu trong:
| Tác giả chính: | |
|---|---|
| Định dạng: | Sách |
| Ngôn ngữ: | Tiếng Tây Ban Nha |
| Được phát hành: |
Bogotá
Fondo Educativo Interamericano
1981
|
| Những chủ đề: | |
| Các nhãn: |
Thêm thẻ
Không có thẻ, Là người đầu tiên thẻ bản ghi này!
|
MARC
| LEADER | 00000nam a2200000 a 4500 | ||
|---|---|---|---|
| 001 | UCZ8949 | ||
| 003 | CL-VaPUC | ||
| 008 | 960126e19810000CK |||||||||||||||||spa|d | ||
| 082 | 0 | 4 | |a 512.5 |b KOL |2 21 |
| 100 | |a Kolman, Bernard |e author |9 564659 | ||
| 245 | 1 | 0 | |a Algebra lineal |
| 300 | |a 304 p | ||
| 942 | |c BK | ||
| 945 | |d 19960126 00:00:00 |a rleighto | ||
| 260 | |a Bogotá |b Fondo Educativo Interamericano |c 1981 | ||
| 650 | 0 | |a Álgebra lineal |9 260445 | |
| 650 | 0 | |a Conjuntos |9 342214 | |
| 650 | 0 | |a Funciones |9 263869 | |
| 650 | 0 | |a Ecuaciones lineales |9 342219 | |
| 650 | 0 | |a Matrices |9 22 | |
| 650 | 0 | |a Espacios vectoriales |9 21 | |
| 650 | 0 | |a Determinantes |9 354231 | |
| 650 | 0 | |a Ecuaciones diferenciales |9 260083 | |
| 583 | |a last modification |c 19960126 00:00:00 |k Rodrigo Vera | ||
| 999 | |c 244622 |d 244620 | ||
| 952 | |0 0 |1 0 |4 0 |6 512_500000000000000_KOL_1981 |7 0 |8 A |9 258742 |a BIBMAT |b BIBMAT |d 2019-11-19 |i 3172341 |o 512.5 KOL 1981 |p 3172341 |r 2025-01-07 |w 2019-11-19 |y BK |k MAT | ||